000 00380nam a2200145Ia 4500
008 230917s9999||||xx |||||||||||||| ||und||
040 _e43246
_aMAIN
041 _aEnglish
082 _a942 M691S
100 _aMisra, G S
245 0 _aSurvey of modern British history. V1- The Tudor age
260 _aBombay
_bAsia Publishing House
_c1970
300 _aix, 99 p.
942 _cBK
999 _c190731
_d190731